[Event "FRA-ch U18 Girls"]
[Site "Troyes"]
[Date "2010.04.15"]
[Round "6"]
[White "Copin, Oceane"]
[Black "Armas, Lena"]
[Result "1-0"]
[WhiteElo "1871"]
[BlackElo "1816"]
[PlyCount "51"]
[EventDate "2010.04.11"]
[EventType "swiss"]
[EventRounds "9"]
[EventCountry "FRA"]
[SourceTitle "EXT 2012"]
[Source "ChessBase"]
[SourceDate "2011.11.24"]
[SourceVersion "1"]
[SourceVersionDate "2011.11.24"]
[SourceQuality "1"]

1. e4 d5 2. exd5 Qxd5 3. Nc3 Qd6 4. d4 Nf6 5. Nf3 a6 6. Be2 e6 7. Be3 Be7 8. Qd2 0-0 9. 0-0 b6 10. Bf4 Qd8 11. Rad1 Bb7 12. Ne5 Nbd7 13. Qe3 c5 14. Qg3 Kh8 15. dxc5 Bxc5 16. Bg5 Qc8 17. Nc4 Ne8 18. Qh4 Ndf6 19. Rd3 Ng8 20. Ne5 Bd6 21. Rh3 h6 22. Ng4 Be7 23. Bxe7 Nxe7 24. Qxe7 Kg8 25. Nxh6+ gxh6 26. Rg3+ 1-0

[Event "FRA-ch U18 Girls"]
[Site "Troyes"]
[Date "2010.04.14"]
[Round "5"]
[White "Copin, Oceane"]
[Black "Le Bail, Arielle"]
[Result "1/2-1/2"]
[WhiteElo "1871"]
[BlackElo "1847"]
[PlyCount "72"]
[EventDate "2010.04.11"]
[EventType "swiss"]
[EventRounds "9"]
[EventCountry "FRA"]
[SourceTitle "EXT 2012"]
[Source "ChessBase"]
[SourceDate "2011.11.24"]
[SourceVersion "1"]
[SourceVersionDate "2011.11.24"]
[SourceQuality "1"]

1. d4 Nf6 2. Nf3 e6 3. c4 b6 4. g3 Ba6 5. Qc2 Bb4+ 6. Bd2 Be7 7. Bg2 0-0 8. 0-0 c6 9. Re1 d5 10. b3 Nbd7 11. Bf4 Rc8 12. Ne5 Nh5 13. Nd2 Nxf4 14. gxf4 Nxe5 15. dxe5 f6 16. Bh3 f5 17. Kh1 dxc4 18. Rad1 Qd4 19. e3 Qd3 20. Qc1 cxb3 21. Bf1 Qd5+ 22. e4 Qa5 23. Nxb3 Qxa2 24. Bxa6 Qxa6 25. Nd4 Bb4 26. Rg1 Qa2 27. Qe3 c5 28. Nb5 Rcd8 29. Ra1 Qd2 30. Rxa7 Rf7 31. Rxf7 Kxf7 32. Nd6+ Kg8 33. Qb3 c4 34. Qxc4 Bxd6 35. Qxe6+ Kh8 36. exd6 Qd3 1/2-1/2

[Event "FRA-ch U18 Girls"]
[Site "Troyes"]
[Date "2010.04.13"]
[Round "4"]
[White "De Seroux, Camille"]
[Black "Copin, Oceane"]
[Result "1/2-1/2"]
[WhiteElo "2019"]
[BlackElo "1871"]
[PlyCount "109"]
[EventDate "2010.04.11"]
[EventType "swiss"]
[EventRounds "9"]
[EventCountry "FRA"]
[SourceTitle "EXT 2012"]
[Source "ChessBase"]
[SourceDate "2011.11.24"]
[SourceVersion "1"]
[SourceVersionDate "2011.11.24"]
[SourceQuality "1"]

1. e4 c6 2. d4 d5 3. Nc3 dxe4 4. Nxe4 Bf5 5. Ng3 Bg6 6. h4 h6 7. Nf3 Nf6 8. h5 Bh7 9. Bd3 Bxd3 10. Qxd3 e6 11. Bd2 Nbd7 12. 0-0-0 Qc7 13. Ne4 Nxe4 14. Qxe4 Nf6 15. Qe2 0-0-0 16. g3 Bd6 17. Kb1 Rhe8 18. Ne5 Bxe5 19. dxe5 Nd5 20. Rh4 Rd7 21. Ra4 Kb8 22. Rd4 Red8 23. c4 Nb6 24. Rd6 Nc8 25. Ba5 b6 26. Rxd7 Rxd7 27. Rxd7 Qxd7 28. Qd2 Kc7 29. Bc3 Qe8 30. g4 Qe7 31. Kc2 Qc5 32. Qf4 Qe7 33. Kd3 b5 34. cxb5 cxb5 35. Bb4 Qd7+ 36. Qd4 Nb6 37. Qd6+ Kd8 38. Ke4 Qxd6 39. Bxd6 Nd7 40. f4 a6 41. f5 Ke8 42. Kf4 Nb6 43. Bc5 Nd7 44. Be3 Ke7 45. Ke4 f6 46. fxe6 Kxe6 47. exf6 Nxf6+ 48. Kf3 Nd5 49. Bc5 Kf7 50. Ke4 Ke6 51. Bf8 Nf6+ 52. Kf4 Kf7 53. Bc5 g6 54. Bd4 a5 55. hxg6+ 1/2-1/2

[Event "FRA-chT1 0910"]
[Site "France"]
[Date "2009.11.21"]
[Round "4.8"]
[White "Sabo Benke, Valeria"]
[Black "Copin, Oceane"]
[Result "0-1"]
[WhiteElo "1772"]
[BlackElo "1832"]
[PlyCount "64"]
[EventDate "2009.09.27"]
[EventType "team-tourn"]
[EventRounds "11"]
[EventCountry "FRA"]
[SourceTitle "EXT 2011"]
[Source "ChessBase"]
[SourceDate "2010.11.26"]
[SourceVersion "1"]
[SourceVersionDate "2010.11.26"]
[SourceQuality "1"]

1. e4 d5 2. exd5 Qxd5 3. Nc3 Qd6 4. Nf3 Bg4 5. Be2 Nc6 6. d3 e5 7. 0-0 0-0-0 8. Be3 Kb8 9. a3 f5 10. Ng5 Bxe2 11. Qxe2 Qg6 12. f4 Nf6 13. fxe5 Ng4 14. Bf4 Bc5+ 15. Kh1 Ncxe5 16. h3 h6 17. Nf3 Nxf3 18. Qxf3 Qh5 19. Bg3 g6 20. Ne2 Nf6 21. Qxh5 Nxh5 22. Kh2 Nxg3 23. Nxg3 Bd6 24. Rf3 Rhe8 25. Kg1 Re6 26. d4 Bxg3 27. Rxg3 Rxd4 28. Rf3 Re2 29. Rf2 Rxf2 30. Kxf2 Rd2+ 31. Kf3 Kc8 32. Re1 Kd7 0-1

[Event "Nice op"]
[Site "Nice"]
[Date "2009.08.??"]
[Round "3"]
[White "Copin, Oceane"]
[Black "Tasic, Branislav"]
[Result "1/2-1/2"]
[WhiteElo "1764"]
[BlackElo "2087"]
[PlyCount "33"]
[EventDate "2009.08.??"]
[EventType "swiss"]
[EventRounds "9"]
[EventCountry "FRA"]
[SourceTitle "EXT 2010"]
[Source "ChessBase"]
[SourceDate "2010.11.25"]
[SourceVersion "1"]
[SourceVersionDate "2010.11.25"]
[SourceQuality "1"]

1. e4 c5 2. c3 e6 3. d4 d5 4. exd5 exd5 5. Nf3 Bd6 6. Be2 Ne7 7. 0-0 0-0 8. dxc5 Bxc5 9. Bg5 f6 10. Bf4 Nbc6 11. Nbd2 Be6 12. Nb3 Bd6 13. Bxd6 Qxd6 14. Nfd4 Bf7 15. Bf3 Ne5 16. Re1 Rad8 17. Qe2 1/2-1/2

[Event "FRA-ch U16 Girls"]
[Site "Aix les Bains"]
[Date "2009.04.23"]
[Round "6"]
[White "Daif, Sarah"]
[Black "Copin, Oceane"]
[Result "0-1"]
[WhiteElo "1588"]
[BlackElo "1790"]
[PlyCount "106"]
[EventDate "2009.04.19"]
[EventType "swiss"]
[EventRounds "9"]
[EventCountry "FRA"]
[SourceTitle "CBM 130 Extra"]
[Source "ChessBase"]
[SourceDate "2009.07.02"]
[SourceVersion "2"]
[SourceVersionDate "2009.07.15"]
[SourceQuality "1"]

1. Nf3 d5 2. c4 e6 3. cxd5 exd5 4. d4 Nf6 5. Bg5 Be7 6. Nc3 c6 7. a3 a5 8. e3 0-0 9. Bd3 Bg4 10. 0-0 Na6 11. h3 Bh5 12. Rc1 h6 13. Bh4 Ne4 14. Bxe7 Qxe7 15. Be2 Nc7 16. Nxe4 Qxe4 17. Ne5 Bxe2 18. Qxe2 Ne6 19. Qg4 Qxg4 20. Nxg4 f6 21. Rc2 a4 22. Rb1 Nc7 23. Nh2 Ra6 24. Nf3 Rb6 25. Rc5 Ra8 26. Nd2 Nb5 27. Kf1 Kf8 28. Ke2 Ke7 29. Kf3 Kd7 30. Kf4 g6 31. h4 Nc7 32. Kg3 Ne6 33. Rc3 h5 34. b3 Nc7 35. bxa4 Rxb1 36. Nxb1 Rxa4 37. Rb3 Nb5 38. Nc3 Rxa3 39. Rxa3 Nxa3 40. Na4 Kd6 41. Kf4 Nb5 42. g4 hxg4 43. Kxg4 Nc7 44. h5 gxh5+ 45. Kxh5 b5 46. Nc5 b4 47. Kg6 Ke7 48. f4 Nb5 49. Na4 b3 50. Kf5 Nd6+ 51. Kg4 Nc4 52. Kf3 b2 53. Ke2 b1Q 0-1

[Event "FRA-ch U16 Girls"]
[Site "Aix les Bains"]
[Date "2009.04.21"]
[Round "4"]
[White "Benac, Anais"]
[Black "Copin, Oceane"]
[Result "1-0"]
[WhiteElo "1680"]
[BlackElo "1790"]
[PlyCount "83"]
[EventDate "2009.04.19"]
[EventType "swiss"]
[EventRounds "9"]
[EventCountry "FRA"]
[SourceTitle "CBM 130 Extra"]
[Source "ChessBase"]
[SourceDate "2009.07.02"]
[SourceVersion "2"]
[SourceVersionDate "2009.07.15"]
[SourceQuality "1"]

1. e4 d5 2. exd5 Qxd5 3. Nc3 Qd6 4. Nf3 Bg4 5. Bc4 Nf6 6. h3 Bh5 7. d3 Nc6 8. Nb5 Qd7 9. g4 Bg6 10. Bf4 Rc8 11. Qd2 a6 12. Nc3 e6 13. a3 Be7 14. Rg1 Nd5 15. Nxd5 exd5 16. Bb3 0-0 17. 0-0-0 b5 18. h4 h6 19. h5 Bh7 20. g5 hxg5 21. Nxg5 Bf6 22. Nxh7 Kxh7 23. Bg5 Qf5 24. h6 Nd4 25. hxg7 Bxg7 26. Rh1+ Kg8 27. Bh6 Nf3 28. Qf4 Qxf4+ 29. Bxf4 Nd4 30. Be3 Nxb3+ 31. cxb3 Rfe8 32. Rdg1 Re6 33. Rg5 Re5 34. Rg3 Re6 35. Rhg1 Rg6 36. Rxg6 fxg6 37. Rxg6 c6 38. Bh6 Rc7 39. Bxg7 Rxg7 40. Rxc6 Rf7 41. Rxa6 Rxf2 42. Ra5 1-0

[Event "FRA-ch U14 Girls"]
[Site "Le Grand Bornand"]
[Date "2007.04.??"]
[Round "4"]
[White "Copin, Oceane"]
[Black "Auvray, Juliette"]
[Result "0-1"]
[WhiteElo "1790"]
[BlackElo "1908"]
[PlyCount "50"]
[EventDate "2007.04.07"]
[EventType "swiss"]
[EventRounds "9"]
[EventCountry "FRA"]
[SourceTitle "CBM 118 Extra"]
[Source "ChessBase"]
[SourceDate "2007.07.04"]
[SourceVersion "1"]
[SourceVersionDate "2007.07.04"]
[SourceQuality "1"]

1. e4 c6 2. c4 e6 3. Nc3 d5 4. exd5 exd5 5. cxd5 cxd5 6. d4 Nc6 7. h3 Be6 8. Nf3 Nge7 9. Qb3 Qc7 10. Bb5 a6 11. Qa4 Rc8 12. Bxc6+ Qxc6 13. Qb3 Ng6 14. Ng5 Bd6 15. Nxe6 fxe6 16. 0-0 0-0 17. Re1 Bb8 18. Na4 Qc7 19. g3 Qf7 20. Qe3 e5 21. dxe5 Nxe5 22. f4 Rce8 23. fxe5 Rxe5 24. Qd2 Ba7+ 25. Kg2 Qf3+ 0-1

[Event "FRA-ch U14 Girls"]
[Site "Le Grand Bornand"]
[Date "2007.04.??"]
[Round "8"]
[White "Copin, Oceane"]
[Black "Goubert, Caroline"]
[Result "1-0"]
[WhiteElo "1790"]
[BlackElo "1540"]
[PlyCount "55"]
[EventDate "2007.04.07"]
[EventType "swiss"]
[EventRounds "9"]
[EventCountry "FRA"]
[SourceTitle "CBM 118 Extra"]
[Source "ChessBase"]
[SourceDate "2007.07.04"]
[SourceVersion "1"]
[SourceVersionDate "2007.07.04"]
[SourceQuality "1"]

1. e4 e5 2. Nf3 Nc6 3. Bc4 Bc5 4. c3 Nf6 5. d4 exd4 6. e5 Ng8 7. cxd4 Bb4+ 8. Nc3 Nge7 9. 0-0 h6 10. Qb3 0-0 11. d5 Bxc3 12. dxc6 Nxc6 13. Qxc3 d6 14. exd6 Qxd6 15. b3 Qg6 16. Bb2 Be6 17. Bd3 Qf6 18. Qxf6 gxf6 19. Bxf6 Nb4 20. Be4 Nd5 21. Bxd5 Bxd5 22. Nd4 Kh7 23. Rfe1 Rg8 24. f3 c5 25. Re5 Rg6 26. Rxd5 Rxf6 27. Rxc5 Rd8 28. Ne2 1-0

[Event "FRA-chT1B 0607"]
[Site "France"]
[Date "2007.02.10"]
[Round "7.8"]
[White "Copin, Oceane"]
[Black "Mallet, Celine"]
[Result "0-1"]
[WhiteElo "1790"]
[BlackElo "2018"]
[PlyCount "66"]
[EventDate "2006.10.15"]
[EventType "team"]
[EventRounds "11"]
[EventCountry "FRA"]
[SourceTitle "EXT 2008"]
[Source "ChessBase"]
[SourceDate "2007.11.25"]
[SourceVersion "1"]
[SourceVersionDate "2007.11.25"]
[SourceQuality "1"]
[WhiteTeam "Cannes II"]
[BlackTeam "Hyeres"]
[WhiteTeamCountry "FRA"]
[BlackTeamCountry "FRA"]

1. e4 c5 2. Nf3 Nc6 3. c3 Nf6 4. e5 Nd5 5. d4 cxd4 6. cxd4 d6 7. Be2 g6 8. 0-0 Bg7 9. Re1 0-0 10. exd6 Qxd6 11. Nc3 Bf5 12. Bb5 Ncb4 13. Ba4 Rac8 14. Nxd5 Nxd5 15. Bb3 Nb4 16. Be3 Bc2 17. Qd2 Bxb3 18. axb3 Nc2 19. Rxa7 Nxe1 20. Qxe1 Qd5 21. Qb4 Ra8 22. Rxa8 Rxa8 23. h3 e6 24. Qb6 Bf8 25. Bf4 f6 26. b4 g5 27. Bg3 h5 28. h4 g4 29. Nd2 Ra1+ 30. Kh2 Rd1 31. Bf4 Qf5 32. Qc7 e5 33. dxe5 Qxf4+ 0-1

[Event "FRA-ch U14 Girls"]
[Site "Aix les Bains"]
[Date "2006.??.??"]
[Round "3"]
[White "Copin, Oceane"]
[Black "Klipper, Noemie"]
[Result "1-0"]
[WhiteElo "1630"]
[BlackElo "1846"]
[PlyCount "81"]
[EventDate "2006.04.16"]
[EventType "swiss"]
[EventRounds "9"]
[EventCountry "FRA"]
[SourceTitle "EXT 2007"]
[Source "ChessBase"]
[SourceDate "2006.11.23"]
[SourceVersion "1"]
[SourceVersionDate "2006.11.23"]
[SourceQuality "1"]

1. e4 d5 2. exd5 Qxd5 3. Nc3 Qa5 4. d4 e5 5. dxe5 Nc6 6. Nf3 Bb4 7. Bd2 Bg4 8. Be2 Bxf3 9. Bxf3 0-0-0 10. Bxc6 bxc6 11. 0-0 Qxe5 12. Qg4+ Rd7 13. Rfe1 Qd4 14. Re8+ Kb7 15. Qxd4 Rxd4 16. Be3 Rd7 17. Na4 Rd5 18. a3 Bd6 19. Nc3 Re5 20. Rd8 Be7 21. Re8 Bd6 22. Rd8 Be7 23. Re8 Bf6 24. Rf8 Re7 25. Rd1 Re6 26. Rd7 g6 27. Rfxf7 Be7 28. g3 Nf6 29. Rfxe7 Nxd7 30. Rxe6 Nb6 31. Bxb6 axb6 32. Re7 b5 33. Kg2 Kb6 34. Kh3 c5 35. Nd5+ Kc6 36. Nxc7 Rf8 37. f4 Kd6 38. Rxh7 Rb8 39. Rg7 Rb7 40. Ne8+ Kc6 41. Rxb7 1-0

[Event "FRA-chT U20 0304"]
[Site "France"]
[Date "2004.01.04"]
[Round "7"]
[White "Copin, Oceane"]
[Black "Jardine, Ludovic"]
[Result "0-1"]
[WhiteElo "1410"]
[BlackElo "1430"]
[PlyCount "58"]
[EventDate "2003.11.??"]
[EventType "team"]
[EventRounds "11"]
[EventCountry "FRA"]
[SourceTitle "EXT 2005"]
[Source "ChessBase"]
[SourceDate "2004.11.15"]
[SourceVersion "1"]
[SourceVersionDate "2004.11.15"]
[SourceQuality "1"]
[WhiteTeam "Cannes"]
[BlackTeam "Vandoeuvre"]
[WhiteTeamCountry "FRA"]
[BlackTeamCountry "FRA"]

1. e4 e5 2. Nf3 Nc6 3. c3 Nf6 4. d4 exd4 5. e5 Nd5 6. cxd4 d6 7. Bc4 Nb6 8. Bd3 Bg4 9. Be2 Bxf3 10. Bxf3 dxe5 11. dxe5 Qxd1+ 12. Bxd1 Nxe5 13. Bf4 Nd3+ 14. Kd2 Nxf4 15. Bf3 0-0-0+ 16. Kc2 Kb8 17. Nd2 Bb4 18. Rad1 Bxd2 19. Rxd2 Rxd2+ 20. Kxd2 Rd8+ 21. Kc2 Ne6 22. Kb1 Nc4 23. Bg4 Rd2 24. b3 Na3+ 25. Ka1 Rxf2 26. Rd1 a6 27. Bf3 Nb5 28. Rd7 Nc3 29. Rxf7 Rxa2# 0-1

[Event "FRA-chT U20 0304"]
[Site "France"]
[Date "2004.01.02"]
[Round "5"]
[White "Copin, Oceane"]
[Black "Sainet, Bertrand"]
[Result "0-1"]
[WhiteElo "1410"]
[BlackElo "1530"]
[PlyCount "252"]
[EventDate "2003.11.??"]
[EventType "team"]
[EventRounds "11"]
[EventCountry "FRA"]
[SourceTitle "EXT 2005"]
[Source "ChessBase"]
[SourceDate "2004.11.15"]
[SourceVersion "1"]
[SourceVersionDate "2004.11.15"]
[SourceQuality "1"]
[WhiteTeam "Cannes"]
[BlackTeam "Nancy"]
[WhiteTeamCountry "FRA"]
[BlackTeamCountry "FRA"]

1. e4 c5 2. Nf3 Nc6 3. d4 cxd4 4. Nxd4 g6 5. Nc3 Bg7 6. Be3 Nf6 7. Nxc6 bxc6 8. e5 Ng8 9. f4 d5 10. exd6 exd6 11. Qd2 d5 12. Bd4 Nf6 13. Qe3+ Qe7 14. Qxe7+ Kxe7 15. Bc5+ Kd8 16. 0-0-0 Bg4 17. Re1 Re8 18. Bd3 Kc7 19. Bd4 Rxe1+ 20. Rxe1 Re8 21. Rxe8 Nxe8 22. Bxa7 Bxc3 23. bxc3 Nd6 24. Bc5 Nb5 25. Kb2 Kd7 26. a4 Nc7 27. a5 Kc8 28. a6 Kb8 29. Kb3 Bc8 30. Bd6 c5 31. Bxc5 Nxa6 32. Bd4 Kb7 33. Ka4 Be6 34. Ka5 Nc7 35. h3 Kc6 36. g4 f5 37. g5 Bf7 38. Kb4 Ne6 39. Bb5+ Kb7 40. Be5 Nd8 41. Ka5 Nc6+ 42. Bxc6+ Kxc6 43. Kb4 Kd7 44. Kc5 Ke7 45. Bd6+ Kd7 46. h4 Bg8 47. Be5 Bf7 48. Kd4 Bg8 49. Bh8 Ke6 50. Bg7 Kd6 51. Bf8+ Kd7 52. Ke5 Ke8 53. Bh6 Ke7 54. Bg7 Kf7 55. Bf6 Ke8 56. Kd6 Kf8 57. Bd8 Kf7 58. Bb6 Kf8 59. Ke5 Ke7 60. Bc5+ Kf7 61. Kxd5 Kg7+ 62. Ke5 h6 63. Be7 h5 64. Bf6+ Kf7 65. c4 Ke8 66. c5 Kd7 67. Kd4 Kc6 68. Be7 Ba2 69. Ke5 Bb1 70. c3 Kd7 71. Bd6 Ke8 72. Kd5 Be4+ 73. Ke5 Kf7 74. Kd4 Ke6 75. Kc4 Bc6 76. Kb4 Kd5 77. c4+ Ke4 78. Ka5 Kf3 79. Kb6 Bd7 80. c6 Be6 81. c5 Kg4 82. c7 Kxh4 83. Kb7 Kg3 84. c8Q Bxc8+ 85. Kxc8 h4 86. Kd7 h3 87. c6 h2 88. c7 h1Q 89. c8Q Kg4 90. Qc6 Qh7+ 91. Kc8 Qg8+ 92. Kb7 Qf7+ 93. Qc7 Qb3+ 94. Qb6 Qf7+ 95. Bc7 Qd5+ 96. Ka7 Qa2+ 97. Qa6 Qf2+ 98. Bb6 Qxf4 99. Qc4 Kxg5 100. Qf7 Qa4+ 101. Kb7 Qe4+ 102. Ka7 Qa4+ 103. Kb8 Qf4+ 104. Bc7 Qe3 105. Bd8+ Kh5 106. Qh7+ Qh6 107. Qb7 Qf4+ 108. Bc7 Qf1 109. Kc8 Qh3 110. Bf4 Qc3+ 111. Bc7 Qh3 112. Kb8 Qf1 113. Bd8 Qf4+ 114. Ka8 Qe4 115. Qxe4 fxe4 116. Bb6 g5 117. Kb7 Kg4 118. Kc6 Kf3 119. Kd5 e3 120. Ba5 g4 121. Kd4 g3 122. Bc7 g2 123. Bh2 e2 124. Bg1 e1Q 125. Be3 Qxe3+ 126. Kc4 g1R 0-1

[Event "FRA-chT U20 0304"]
[Site "France"]
[Date "2003.11.23"]
[Round "2"]
[White "Toullec, Renan"]
[Black "Copin, Oceane"]
[Result "1/2-1/2"]
[WhiteElo "1420"]
[BlackElo "1410"]
[PlyCount "66"]
[EventDate "2003.11.??"]
[EventType "team"]
[EventRounds "11"]
[EventCountry "FRA"]
[SourceTitle "EXT 2005"]
[Source "ChessBase"]
[SourceDate "2004.11.15"]
[SourceVersion "1"]
[SourceVersionDate "2004.11.15"]
[SourceQuality "1"]
[WhiteTeam "Toulouse"]
[BlackTeam "Cannes"]
[WhiteTeamCountry "FRA"]
[BlackTeamCountry "FRA"]

1. e4 e5 2. Nf3 Nc6 3. Bc4 Bc5 4. Nc3 Nf6 5. d3 h6 6. Be3 Bb6 7. Bxb6 axb6 8. 0-0 d6 9. h3 Be6 10. Bb3 0-0 11. Bxe6 fxe6 12. d4 exd4 13. Nxd4 Qd7 14. Re1 e5 15. Nxc6 Qxc6 16. Nd5 Qc5 17. Nxf6+ Rxf6 18. Rf1 Raf8 19. Qd5+ Qxd5 20. exd5 c6 21. c4 Rf4 22. b3 Rd4 23. f3 cxd5 24. cxd5 Rxd5 25. Rfd1 Rxd1+ 26. Rxd1 Rd8 27. Rd5 Kf7 28. Kf2 Ke6 29. Rb5 Rd7 30. Rxb6 Kd5 31. Rb5+ Kc6 32. a4 d5 33. b4 Re7 1/2-1/2